[Event "ESP-chT Regional U14"]
[Site "Gijon"]
[Date "2021.06.20"]
[Round "6.3"]
[White "Ortega Martinez, Javier"]
[Black "Aguirre Mediavilla, Elena"]
[Result "1-0"]
[WhiteElo "1161"]
[BlackElo "1328"]
[PlyCount "75"]
[EventDate "2021.06.17"]
[EventType "team-swiss"]
[EventRounds "6"]
[EventCountry "ESP"]
[SourceTitle "EXT 2022"]
[Source "ChessBase"]
[SourceDate "2021.10.06"]
[SourceVersion "1"]
[SourceVersionDate "2021.10.06"]
[SourceQuality "1"]
[WhiteTeam "La Rioja U14"]
[BlackTeam "Cantabria U14"]
[WhiteTeamCountry "ESP"]
[BlackTeamCountry "ESP"]

1. e4 e5 2. Nf3 Nc6 3. Nc3 Nf6 4. d4 exd4 5. Nxd4 Bb4 6. Nxc6 bxc6 7. Bd3 d5 8. exd5 cxd5 9. 0-0 0-0 10. Bg5 c6 11. Na4 Be7 12. c3 Qd6 13. h3 Be6 14. Bc2 h6 15. Bh4 c5 16. Qd3 g6 17. Qe3 Kg7 18. Bg3 Qc6 19. Be5 Rac8 20. Rac1 Rfd8 21. Rfd1 Kh7 22. b4 Nd7 23. Bf4 Bf8 24. h4 Re8 25. Qf3 Bd6 26. Bxd6 Qxd6 27. Nxc5 Nxc5 28. bxc5 Rxc5 29. h5 Rf8 30. Qf6 Rg8 31. Re1 Rc6 32. c4 Qa3 33. cxd5 Bxd5 34. hxg6+ fxg6 35. Re7+ Qxe7 36. Qxe7+ Rg7 37. Qe3 Rcc7 38. Bb3 1-0